[Event "Konik Morski Rewala OPEN B"]
[Site "Rewal"]
[Date "2007.08.29"]
[Round "9.14"]
[White "Siedlinski, Piotr"]
[Black "Swiech, Piotr"]
[Result "0-1"]
[WhiteElo "1838"]
[BlackElo "2031"]
[PlyCount "146"]
[EventDate "2007.??.??"]

1. e4 e6 2. d3 d5 3. Nd2 Bd6 4. Ngf3 c6 5. g3 Ne7 6. Bg2 Nd7 7. c3 Nc5 8. Qe2
b6 9. c4 Bc7 10. d4 Nd7 11. b3 O-O 12. O-O Bb7 13. Bb2 Re8 14. Rad1 a5 15. a4
c5 16. Rfe1 cxd4 17. Nxd4 e5 18. Nb5 d4 19. Ba3 Nc5 20. Bxc5 bxc5 21. Rf1 Bb8
22. Nf3 Ra6 23. Ne1 Nc6 24. Nd3 Qe7 25. Bh3 g6 26. Rde1 Nd8 27. f3 Ne6 28. Bxe6
Rxe6 29. Rf2 Bd6 30. Ref1 Qd7 31. Qe1 Ra8 32. Qd2 Be7 33. Re1 Kg7 34. Kf1 h6
35. Ree2 Qc6 36. h4 Bd8 37. Ke1 Qc8 38. Kd1 Ba6 39. Nb2 Bb6 40. Qd3 Qc6 41. Kc2
Rae8 42. Re1 R6e7 43. Rh1 Rf8 44. Rhf1 Bb7 45. Re1 f5 46. Nd1 fxe4 47. fxe4
Ref7 48. Ree2 Qe6 49. Rxf7+ Rxf7 50. Rf2 Bc6 51. Rxf7+ Qxf7 52. Qe2 Qe6 53. Nf2
Bd8 54. Kd3 Be7 55. Qf3 h5 56. Ke2 Kh6 57. Nc7 Qf6 58. Qxf6 Bxf6 59. Nd5 Bd8
60. Nd3 g5 61. Nxe5 Bxd5 62. exd5 gxh4 63. Nf7+ Kg6 64. Nxd8 h3 65. d6 h2 66.
d7 h1=Q 67. Ne6 Qg2+ 68. Kd3 Qf3+ 69. Kc2 Qc3+ 70. Kb1 Qxb3+ 71. Ka1 Qxa4+ 72.
Kb2 Qxd7 73. Ka1 Qxe6 0-1

[Event "Konik Morski Rewala OPEN B"]
[Site "Rewal"]
[Date "2007.08.29"]
[Round "9.15"]
[White "Czachor, Grzegorz"]
[Black "Reichert, Jakub"]
[Result "1-0"]
[WhiteElo "2029"]
[BlackElo "1721"]
[PlyCount "79"]
[EventDate "2007.??.??"]

1. e4 c6 2. d4 d5 3. Nc3 dxe4 4. Nxe4 Bf5 5. Ng3 Bg6 6. Nf3 e6 7. h4 h6 8. Ne5
Bh7 9. Bc4 Nf6 10. Qe2 Nd5 11. Bb3 Nd7 12. Bd2 Qc7 13. O-O-O N7f6 14. c4 Nb4
15. c5 Nbd5 16. f3 O-O-O 17. h5 g5 18. hxg6 fxg6 19. Bxh6 Bxh6+ 20. Rxh6 Nf4
21. Qd2 N6d5 22. Ne4 g5 23. g3 Bxe4 24. Rxh8 Rxh8 25. fxe4 Nc3 26. gxf4 Nxd1
27. Bxe6+ Kb8 28. Kxd1 Rh1+ 29. Kc2 Qh7 30. Bf5 Qh4 31. Ng4 gxf4 32. Qxf4+ Ka8
33. Qc7 a6 34. Bc8 Rc1+ 35. Kb3 Qh3+ 36. Ka4 Rc4+ 37. b4 b5+ 38. cxb6 Rxb4+ 39.
Kxb4 a5+ 40. Ka4 1-0

[Event "Konik Morski Rewala OPEN B"]
[Site "Rewal"]
[Date "2007.08.29"]
[Round "9.16"]
[White "Piesik, Piotr"]
[Black "Wisniowska, Klaudia"]
[Result "1-0"]
[WhiteElo "1991"]
[BlackElo "1846"]
[PlyCount "123"]
[EventDate "2007.??.??"]

1. Nf3 d5 2. g3 Nf6 3. Bg2 e6 4. O-O Bd6 5. d3 O-O 6. Nbd2 c5 7. e4 Nc6 8. Qe2
Be7 9. c3 a6 10. Re1 Re8 11. e5 Nd7 12. h4 b5 13. Nf1 b4 14. N1h2 bxc3 15. bxc3
f6 16. exf6 Nxf6 17. Bf4 Bd6 18. Bxd6 Qxd6 19. Ne5 Nxe5 20. Qxe5 Qxe5 21. Rxe5
Kf7 22. Rae1 Nd7 23. Rxd5 Rb8 24. Rh5 h6 25. Nf3 Rb2 26. Ne5+ Nxe5 27. Rhxe5
Rxa2 28. Rxc5 Bd7 29. d4 a5 30. Rc7 Ke7 31. Bd5 Ra3 32. Bxe6 Rd8 33. d5 Kd6 34.
Rxd7+ Rxd7 35. Bxd7 Kxd7 36. c4 Ra4 37. Rc1 Kc7 38. Rc3 Ra1+ 39. Kg2 a4 40. c5
Rd1 41. Rc4 a3 42. Ra4 Rd3 43. h5 Kb7 44. g4 Rxd5 45. Rxa3 Rxc5 46. Re3 Rc7 47.
Re6 Kc8 48. Kg3 Kd7 49. Re4 Rc5 50. Kf4 Kd6 51. Re8 Rc4+ 52. Re4 Rc5 53. f3 Rg5
54. Re8 Ra5 55. Rg8 Ra7 56. Kf5 Re7 57. Rd8+ Kc7 58. Rd3 Kc8 59. Kg6 Kc7 60. f4
Re4 61. Kxg7 Rxf4 62. Rg3 1-0

[Event "Konik Morski Rewala OPEN B"]
[Site "Rewal"]
[Date "2007.08.29"]
[Round "9.17"]
[White "Kaniak, Justyna"]
[Black "Wozniak, Dawid"]
[Result "1-0"]
[WhiteElo "1942"]
[BlackElo "1958"]
[PlyCount "91"]
[EventDate "2007.??.??"]

1. e4 c6 2. d4 d5 3. Nc3 g6 4. Bf4 dxe4 5. Nxe4 Qa5+ 6. c3 Bg7 7. Qe2 Be6 8.
Nf3 Nf6 9. Nc5 Bc8 10. Qd2 Nbd7 11. Nb3 Qb6 12. Bd3 Nd5 13. Bh6 O-O 14. h4 N7f6
15. Ne5 Nh5 16. O-O-O Bxe5 17. dxe5 Rd8 18. f3 Ng3 19. h5 Bf5 20. hxg6 fxg6 21.
Bxf5 Nxf5 22. Nd4 Nb4 23. Kb1 c5 24. Bg5 cxd4 25. cxb4 Re8 26. g4 Ng7 27. Qh2
Kf7 28. f4 Rh8 29. Qd2 h5 30. f5 gxf5 31. gxf5 Nxf5 32. Qf4 e6 33. Rhf1 Ke8 34.
Bf6 Rg8 35. Rg1 Rxg1 36. Rxg1 Kd7 37. a3 Rf8 38. Qg5 h4 39. Qg6 Ne7 40. Qh7 Re8
41. Rg7 Qd8 42. Qxh4 d3 43. Qc4 Qb6 44. Qxd3+ Kc8 45. Bxe7 Kb8 46. Bc5 1-0

[Event "Konik Morski Rewala OPEN B"]
[Site "Rewal"]
[Date "2007.08.29"]
[Round "9.18"]
[White "Prazmowski, Bartosz"]
[Black "Zakrzewski, Marek"]
[Result "1/2-1/2"]
[WhiteElo "1730"]
[BlackElo "1917"]
[PlyCount "173"]
[EventDate "2007.??.??"]

1. d4 Nf6 2. c4 e6 3. Nc3 Bb4 4. Nf3 c5 5. Bd2 O-O 6. e3 Bxc3 7. Bxc3 Ne4 8.
Rc1 b6 9. Bd3 Nxc3 10. Rxc3 f5 11. e4 cxd4 12. Nxd4 Bb7 13. Qe2 f4 14. e5 Qg5
15. Be4 Nc6 16. Nf3 Qh5 17. Qc2 g5 18. Qd2 Rad8 19. Nxg5 h6 20. Nf3 Na5 21.
Bxb7 Nxb7 22. b4 d6 23. exd6 Rxd6 24. Rd3 Qg6 25. Rxd6 Qb1+ 26. Qd1 Qe4+ 27.
Qe2 Nxd6 28. Qxe4 Nxe4 29. O-O Rc8 30. Rc1 Kg7 31. Nd4 Kf6 32. f3 Nd6 33. c5
Ke5 34. Nb3 bxc5 35. bxc5 Nb7 36. c6 Nd8 37. c7 Nb7 38. Nd2 Nd6 39. Nb3 Ne8 40.
Rc5+ Kf6 41. Rh5 Kg6 42. Re5 Kf6 43. Re4 e5 44. Nc5 Rxc7 45. Nd3 Re7 46. Nb4
Re6 47. Nd5+ Kf7 48. Ra4 a6 49. Nb4 Nc7 50. Kf2 Rd6 51. Ke2 Rd4 52. a3 Ke6 53.
Ra5 Rd6 54. Nd3 Rd5 55. Ra4 Rb5 56. Re4 Kd6 57. Rc4 Rb3 58. Nxe5 Re3+ 59. Kf2
Rxe5 60. Rxf4 a5 61. Rh4 Re6 62. Rh5 Nd5 63. g4 a4 64. Rf5 Rf6 65. Rh5 Kc5 66.
g5 hxg5 67. Rxg5 Kc4 68. h4 Nf4 69. Ke3 Kb3 70. h5 Ne6 71. Rg6 Nc7 72. Ke4 Rf8
73. h6 Kxa3 74. Rb6 Ka2 75. f4 a3 76. f5 Rh8 77. Ke5 Ne8 78. Kf4 Ka1 79. Kg5
Rg8+ 80. Rg6 Rh8 81. Rb6 Nc7 82. Kg6 Nd5 83. Ra6 Ne7+ 84. Kg7 Rxh6 85. Kxh6
Nxf5+ 86. Kg5 a2 87. Rxa2+ 1/2-1/2

[Event "Konik Morski Rewala OPEN B"]
[Site "Rewal"]
[Date "2007.08.29"]
[Round "9.20"]
[White "Jonczyk, Krzysztof"]
[Black "Wilm, Guenter"]
[Result "1-0"]
[WhiteElo "2073"]
[BlackElo "1862"]
[PlyCount "75"]
[EventDate "2007.??.??"]

1. e4 b6 2. d4 Bb7 3. Nc3 e6 4. Bc4 Bb4 5. Nge2 Nf6 6. Bg5 h6 7. Bxf6 Qxf6 8.
O-O Qg6 9. d5 Bxc3 10. Nxc3 e5 11. f4 d6 12. Qd3 Nd7 13. Bb5 a6 14. Bxd7+ Kxd7
15. fxe5 dxe5 16. Ne2 Rad8 17. Qh3+ Ke8 18. Ng3 Bc8 19. Nf5 f6 20. Rad1 Bxf5
21. Rxf5 Qf7 22. Rdf1 Qg6 23. Qc3 Rd7 24. Qc6 Qg4 25. Qe6+ Kd8 26. Rxf6 Qxe6
27. Rxe6 Re8 28. Rg6 Ree7 29. Rf5 Rd6 30. Rg3 a5 31. h4 Kd7 32. Rf8 Rf6 33.
Rxf6 gxf6 34. Rg6 f5 35. exf5 h5 36. Re6 Rf7 37. f6 e4 38. Kf2 1-0